[Event "Challenge"]
[Site "http://www.queenalice.com/game.php?id=697668"]
[Date "2009.12.14"]
[Round "-"]
[White "bruhno"]
[Black "glauco_marcal"]
[Result "1-0"]
[WhiteElo "1503"]
[BlackElo "1363"]

1. e4 d5 2. exd5 Qxd5 3. Nc3 Qe6+ 4. Qe2 Nc6 5. Qxe6 Bxe6 6. Bb5 O-O-O 7. Bxc6
bxc6 8. Nf3 g6 9. O-O h5 10. d4 h4 11. Bg5 h3 12. g3 f6 13. Be3 g5 14. a4 Nh6
15. d5 cxd5 16. Bxa7 Ng4 17. a5 d4 18. Nb5 Rd5 19. c4 dxc3 20. Nxc3 Rd3 21. Ne1
f5 22. Nxd3 Bc4 23. Rfd1 f4 24. gxf4 gxf4 25. Nxf4 e5 26. Ng6 Rg8 27. Nxf8 Rxf8
28. Bc5 Rf3 29. a6 Kb8 30. Rd8# 1-0

[Event "Challenge"]
[Site "http://www.queenalice.com/game.php?id=698126"]
[Date "2009.12.14"]
[Round "-"]
[White "glauco_marcal"]
[Black "jamesxirb"]
[Result "1-0"]
[WhiteElo "1367"]
[BlackElo "1096"]

1. d4 e6 2. d5 e5 3. d6 cxd6 4. e4 b6 5. Qd5 Nc6 6. b4 Nge7 7. Qc4 f5 8. exf5
Nxf5 9. Qb3 e4 10. Bc4 Ncd4 11. Qc3 a6 12. Nh3 Qh4 13. Bg5 Qh5 14. Nd2 b5 15.
Bd5 Nc6 16. Bxc6 dxc6 17. Qxc6+ Bd7 18. Qxa8+ Kf7 19. Qd8 Qg4 20. Qxd7+ Be7 21.
Bxe7 Qxg2 22. O-O-O Qxh3 23. Nxe4 Qa3+ 24. Kd2 Qxb4+ 25. c3 Qb2+ 26. Kd3 Qxa2
27. Nxd6+ Kg6 28. Rhg1+ Kh6 29. Qxf5 g6 30. Rxg6+ hxg6 31. Qf7 Qxf7 32. Nxf7+
Kg7 33. Nxh8 Kxh8 34. h4 Kh7 35. Rh1 Kh6 36. Bf8+ Kh5 37. Re1 Kxh4 38. Ra1 g5
39. Rxa6 g4 40. Rb6 Kh3 41. Rxb5 Kh2 42. c4 Kg2 43. Ke3 Kf1 44. c5 Ke1 45. c6
Kd1 46. c7 Kc2 47. c8=Q+ Kd1 48. Qa8 Kc1 49. Ba3+ Kc2 50. Qd8 Kc3 51. Rc5+ Kb3
52. Qb8+ Kxa3 53. Ra5# 1-0

[Event "Challenge"]
[Site "http://www.queenalice.com/game.php?id=698127"]
[Date "2009.12.14"]
[Round "-"]
[White "glauco_marcal"]
[Black "jamesxirb"]
[Result "1-0"]
[WhiteElo "1372"]
[BlackElo "1091"]

1. d4 d5 2. Qd3 Nd7 3. Qf3 Ndf6 4. Nc3 e6 5. Nb5 c6 6. Nc3 Bd6 7. Qe3 Ne7 8. Na4
O-O 9. Bd2 b6 10. Qb3 b5 11. Nc3 a5 12. Nb1 a4 13. Qh3 Ne4 14. Be3 Bb4+ 15. c3
Ng6 16. cxb4 Qf6 17. f3 Nh4 18. Na3 Qf5 19. fxe4 Qxe4 20. Qg3 Nf5 21. Qf2 h6 22.
O-O-O Qxe3+ 23. Qxe3 Nxe3 24. Nh3 Nf5 25. Nf4 g5 26. Nh5 Ne3 27. Rd3 Ng4 28. h3
Nf2 29. Rh2 Re8 30. Rf3 Re7 31. Rxf2 f5 32. g4 Rf7 33. Nc2 Re7 34. gxf5 e5 35.
f6 Rf7 36. dxe5 Be6 37. Nd4 Bd7 38. e6 a3 39. exf7+ Kxf7 40. h4 g4 41. Rf4 g3
42. Rg2 Bh3 43. Rg1 Bxf1 44. Rgxf1 Rc8 45. Nc2 Kg6 46. Nxg3 c5 47. f7 Rf8 48.
bxc5 h5 49. bxa3 Rc8 50. f8=Q Rxf8 51. Rxf8 d4 52. c6 Kh6 53. c7 Kg6 54. c8=Q
Kg7 55. Qc6 Kh7 56. R1f7# 1-0

[Event "Challenge"]
[Site "http://www.queenalice.com/game.php?id=698639"]
[Date "2009.12.16"]
[Round "-"]
[White "glauco_marcal"]
[Black "bruhno"]
[Result "1-0"]
[WhiteElo "1362"]
[BlackElo "1269"]

1. d4 d5 2. f4 Nc6 3. Qd3 h6 4. h4 Nf6 5. Na3 Nb4 6. Qb5+ Nc6 7. Nf3 Bg4 8. Ne5
Rg8 9. Nxc6 bxc6 10. Qxc6+ Bd7 11. Qb7 g6 12. Nb5 Bxb5 13. Qxb5+ Nd7 14. e3 e6
15. Qa4 f5 16. Bd2 Bd6 17. Ba6 Rb8 18. Bb5 g5 19. hxg5 hxg5 20. fxg5 Rxg5 21.
Rg1 a6 22. Qxa6 Bg3+ 23. Ke2 Rb6 24. Qa5 Bh2 25. Rh1 Rxg2+ 26. Kd3 e5 27. dxe5
Ke7 28. Raf1 Nxe5+ 29. Kd4 c5+ 30. Kxc5 Qd6+ 31. Kd4 Nc4 32. Bxc4 dxc4+ 33. Kxc4
Rg4+ 34. Kc3 Be5+ 35. Qxe5+ Qxe5+ 36. Kd3 1-0

[Event "Challenge"]
[Site "http://www.queenalice.com/game.php?id=699153"]
[Date "2009.12.17"]
[Round "-"]
[White "glauco_marcal"]
[Black "peaceman"]
[Result "1-0"]
[WhiteElo "1374"]
[BlackElo "1340"]

1. e3 d5 2. d4 e6 3. Qd3 Bd7 4. e4 a6 5. exd5 exd5 6. Qe3+ Qe7 7. Bd2 Nf6 8. Nc3
Ng4 9. Qe2 g6 10. h3 Nf6 11. h4 Nc6 12. O-O-O h5 13. Nh3 Bg7 14. g3 Nb4 15. Kb1
Bg4 16. f3 b5 17. fxg4 hxg4 18. Nf4 Ne4 19. Be3 Nxg3 20. Qg2 Nxh1 21. Qxh1 Kd7
22. Bf2 Bh6 23. Bg3 Nc6 24. Qxd5+ Ke8 25. Qxc6+ Qd7 26. Qxa8+ Qd8 27. Qxa6 Rf8
28. Qxb5+ Qd7 29. Qb8+ Ke7 30. Qa7 Re8 31. Nfd5+ Ke6 32. Bd3 Qc8 33. Qa4 Bf8 34.
Re1# 1-0

[Event "Astrellap"]
[Site "http://www.queenalice.com/game.php?id=823526"]
[Date "2010.8.26"]
[Round "1"]
[White "glauco_marcal"]
[Black "rodriw02"]
[Result "0-1"]
[WhiteElo "1389"]
[BlackElo "1536"]

1. e4 e5 2. Qh5 Nf6 3. Qxe5+ Be7 4. Nf3 d6 5. Qg5 Bf8 6. Bc4 h6 7. Qb5+ Nbd7 8.
O-O a6 9. Qb3 Nxe4 10. Qe3 f5 11. Qd4 b5 12. Be6 Ne5 13. Bxf5 Nxf3+ 14. gxf3
Qg5+ 15. Bg4 Nf6 16. d3 Qh4 17. Re1+ Kd8 18. a4 d5 19. Ra3 Bd6 20. Rb3 Qxh2+ 21.
Kf1 c5 22. Qe3 h5 23. Be6 d4 24. Qg5 Qh3+ 25. Bxh3 Bxh3+ 26. Kg1 Kc7 27. Qxg7+
Nd7 28. Qf7 Rhg8+ 29. Kh1 Bg2+ 30. Kg1 h4 31. f4 h3 32. f3 Bxf3+ 33. Kf2 Bg2 34.
Kg1 Rh8 35. Bd2 h2+ 36. Kxg2 Rag8+ 37. Kf3 Rg1 38. Re6 h1=Q+ 39. Ke2 Rg3 40. Be3
dxe3 41. Rxe3 Rh2# 0-1

[Event "AUTO-INT-1801"]
[Site "http://www.queenalice.com/game.php?id=824257"]
[Date "2010.8.27"]
[Round "1"]
[White "RicardoGuidoval"]
[Black "glauco_marcal"]
[Result "0-1"]
[WhiteElo "1599"]
[BlackElo "1400"]

1. e4 d5 2. exd5 Qxd5 3. Nc3 Qe5+ 4. Be2 Bg4 5. f3 Be6 6. d4 Qh5 7. Bf4 Nc6 8.
d5 Bd7 9. dxc6 Bxc6 10. Bxc7 Rc8 11. Bg3 Nf6 12. Qd4 Nd7 13. f4 Qf5 14. Nf3 Qxc2
15. O-O Qxb2 16. Rab1 Qc2 17. Rfc1 Qf5 18. Bd3 Qa5 19. Rd1 e6 20. Kf1 Bb4 21.
Ne4 Ba3 22. Bc4 O-O 23. Neg5 Ba4 24. Rd2 Rcd8 25. Qe4 Nc5 0-1

[Event "AUTO-INT-1801"]
[Site "http://www.queenalice.com/game.php?id=824258"]
[Date "2010.8.27"]
[Round "1"]
[White "glauco_marcal"]
[Black "RicardoGuidoval"]
[Result "1-0"]
[WhiteElo "1424"]
[BlackElo "1575"]

1. e4 e5 2. Qh5 Nc6 3. Nf3 g6 4. Qg4 d5 5. Qg3 Bg7 6. Ng5 Nf6 7. Be2 h6 8. Nf3
Nxe4 9. Qh4 Bf6 10. Qxf6 Qxf6 11. d3 Nxf2 12. Kxf2 Bg4 13. Ke1 O-O-O 14. h3 Bxf3
15. gxf3 Qh4+ 16. Kf1 f5 17. Bd2 e4 18. dxe4 fxe4 19. f4 Rde8 20. Bc3 Qxf4+ 21.
Ke1 Rhf8 22. Nd2 d4 23. Bb4 Nxb4 24. Rb1 d3 25. cxd3 exd3 26. Kd1 1-0

[Event "AUTO-INT-1801"]
[Site "http://www.queenalice.com/game.php?id=824265"]
[Date "2010.8.27"]
[Round "1"]
[White "glauco_marcal"]
[Black "FranzMeM"]
[Result "0-1"]
[WhiteElo "1379"]
[BlackElo "1508"]

1. e4 e5 2. Qh5 d6 3. Bb5+ c6 4. Bd3 a6 5. Nf3 Nd7 6. Ng5 g6 7. Qg4 h5 8. Qf3 f6
9. Ne6 Qb6 10. Qg3 Kf7 11. Qh3 Nc5 12. Bc4 d5 13. exd5 Ke7 14. dxc6 bxc6 15. O-O
Nxe6 16. Qd3 Nf4 17. Qa3+ c5 18. d3 Qc6 19. Be3 Qxg2# 0-1

[Event "AUTO-INT-1801"]
[Site "http://www.queenalice.com/game.php?id=824266"]
[Date "2010.8.27"]
[Round "1"]
[White "FranzMeM"]
[Black "glauco_marcal"]
[Result "1-0"]
[WhiteElo "1459"]
[BlackElo "1368"]

1. e4 e5 2. Nf3 Qf6 3. Nc3 Bc5 4. Nd5 Qd6 5. a3 c6 6. Nc3 Nf6 7. h3 Qc7 8. b4
Bb6 9. Bc4 Na6 10. Ng5 d5 11. exd5 cxd5 12. Bxd5 Bf5 13. O-O O-O-O 14. Nxf7 Rdf8
15. Nxh8 Rxh8 16. b5 Nc5 17. d3 Ba5 18. Bb2 Rd8 19. Qe2 Re8 20. f3 Qd7 21. Qf2
Nxd5 22. Qxc5+ Nc7 23. Qxa7 Kd8 24. Qxa5 g5 25. Na4 h5 26. Nb6 Qd6 27. Na8 Qc5+
28. d4 exd4 29. Nxc7 Re2 30. Ne6+ Kd7 31. Nxc5+ Kd6 32. Nxb7+ Kd5 33. b6+ Ke6
34. Nd8+ Kd7 35. Qxf5+ Kxd8 36. Qxg5+ Kd7 37. Qb5+ Kc8 38. Qxe2 d3 39. cxd3 Kb7
40. f4 Kxb6 41. f5 Kc6 42. f6 Kd7 43. f7 h4 44. f8=Q Kc6 45. Rac1+ Kd5 46. Rf5#
1-0

[Event "Challenge"]
[Site "http://www.queenalice.com/game.php?id=825766"]
[Date "2010.8.30"]
[Round "-"]
[White "garota_rap"]
[Black "glauco_marcal"]
[Result "1-0"]
[WhiteElo "1547"]
[BlackElo "1356"]

1. e4 Nc6 2. Qf3 Nd4 3. Qd3 c5 4. Ne2 Nb5 5. Qxb5 a6 6. Qxc5 b6 7. Qd5 Ra7 8.
Ng3 Bb7 9. Qf5 Nh6 10. Qf4 e6 11. d4 Qc8 12. Na3 Bb4+ 13. c3 Bxc3+ 14. bxc3
Qxc3+ 15. Ke2 Qxa1 16. Qb8+ Ke7 17. Qxa7 Qxc1 18. Qxb7 Qxa3 19. Qxb6 a5 20. Qc5+
Qxc5 21. dxc5 Rb8 22. Kf3 Rb2 23. Nh5 Rxa2 24. Nxg7 a4 25. Bb5 a3 26. Rd1 Kf6
27. Ne8+ Kg5 28. Bxd7 Rb2 29. c6 Rc2 30. c7 a2 31. c8=Q Rxc8 32. Bxc8 Ng4 33.
Kg3 Ne5 34. h4+ Kg6 35. Ra1 Nc4 36. Rxa2 Nb6 37. Ba6 Nd7 38. Ra5 f6 39. Bc8 Nf8
40. f4 f5 41. exf5+ exf5 42. Rxf5 Kh6 43. Rxf8 1-0

[Event "Challenge"]
[Site "http://www.queenalice.com/game.php?id=830676"]
[Date "2010.9.10"]
[Round "-"]
[White "cazzo"]
[Black "glauco_marcal"]
[Result "1-0"]
[WhiteElo "2017"]
[BlackElo "1356"]

1. d4 d5 2. c4 dxc4 3. Nc3 Nc6 4. Nf3 Nf6 5. e4 Ng4 6. h3 Nf6 7. e5 Nd5 8. Bxc4
Nf4 9. Bxf4 e6 10. O-O g6 11. d5 exd5 12. Bxd5 Na5 13. Bxf7+ Ke7 14. Bg5+ Kxf7
15. Qxd8 Nc6 16. Qf6+ Ke8 17. e6 Rg8 18. Qf7# 1-0

[Event "Challenge"]
[Site "http://www.queenalice.com/game.php?id=834376"]
[Date "2010.9.18"]
[Round "-"]
[White "glauco_marcal"]
[Black "garota_rap"]
[Result "1-0"]
[WhiteElo "1458"]
[BlackElo "1672"]

1. d4 d5 2. Qd3 c6 3. Qb3 e6 4. Nc3 g6 5. Nf3 Nd7 6. g4 h5 7. g5 a6 8. Na4 b5 9.
Nc3 Qa5 10. Bf4 Qb4 11. Qxb4 Bxb4 12. O-O-O Ne7 13. Bh3 O-O 14. a3 Ba5 15. b4
Bb6 16. Bd6 Bd8 17. Rhg1 a5 18. Nb1 axb4 19. Bxb4 Bc7 20. Bxe7 Re8 21. Bb4 Bb6
22. e3 c5 23. dxc5 Bxc5 24. Bc3 Bb7 25. Rg3 Bd6 26. Rg2 Rec8 27. Nd4 Rc5 28. f4
f6 29. Bxe6+ Kg7 30. Bxd7 fxg5 31. Ne6+ Kf7 32. Nxg5+ Ke7 33. Be6 h4 34. Rg4 Re8
35. Ba5 Kf8 36. Rxh4 Kg7 37. Bc3+ Rxc3 38. Nxc3 b4 39. axb4 Bxb4 40. Nb5 Bc5 41.
Nc7 Bxe3+ 42. Kb1 Rd8 43. Nxd5 Bxd5 44. Bxd5 Rxd5 45. Rxd5 Kf6 46. Rh8 Kg7 47.
Rh7+ Kf6 48. Ne4+ Ke6 49. Re5# 1-0

[Event "Astrellap"]
[Site "http://www.queenalice.com/game.php?id=855696"]
[Date "2010.11.6"]
[Round "3"]
[White "Astrellap"]
[Black "glauco_marcal"]
[Result "0-1"]
[WhiteElo "1335"]
[BlackElo "1446"]

1. e3 e5 2. f3 c5 3. Nc3 Be7 4. g3 Nf6 5. e4 Qa5 6. a3 Nc6 7. Nge2 Nd4 8. Nxd4
cxd4 9. b4 Qb6 10. Nd5 Qc6 11. c3 dxc3 12. dxc3 d6 13. Bh3 Bxh3 14. Nxf6+ Bxf6
15. Qd5 Qxc3+ 16. Kd1 Qxa1 17. Ke2 Rc8 18. Re1 Rxc1 19. Qd2 Rb1 0-1